The architecture of humanism : (Record no. 26247)

000 -LEADER
fixed length control field 01258cam a2200277 a 4500
001 - CONTROL NUMBER
control field 4034524
005 - DATE AND TIME OF LATEST TRANSACTION
control field 20170203125439.0
008 - FIXED-LENGTH DATA ELEMENTS--GENERAL INFORMATION
fixed length control field 981022r19991914nyua 000 0 eng
010 ## - LIBRARY OF CONGRESS CONTROL NUMBER
LC control number 98031920
020 ## - INTERNATIONAL STANDARD BOOK NUMBER
International Standard Book Number 0393730352 (pbk.)
050 00 - LIBRARY OF CONGRESS CALL NUMBER
Classification number NA2500 .S4 1999
100 1# - MAIN ENTRY--PERSONAL NAME
Personal name Scott, Geoffrey,
Dates associated with a name 1885-1929.
245 14 - TITLE STATEMENT
Title The architecture of humanism :
Remainder of title a study in the history of taste /
Statement of responsibility, etc. by Geoffrey Scott ; with a portfolio of photographs ; [with a foreword by Henry Hope Reed and a new introduction by Paul Barolsky].
260 ## - PUBLICATION, DISTRIBUTION, ETC. (IMPRINT)
Place of publication, distribution, etc. New York :
Name of publisher, distributor, etc. W.W. Norton,
Date of publication, distribution, etc. c1999.
300 ## - PHYSICAL DESCRIPTION
Extent 1 v. (various pagings) :
Other physical details ill. ;
Dimensions 21 cm.
440 #4 - SERIES STATEMENT/ADDED ENTRY--TITLE
Title The classical America series in art and architecture
500 ## - GENERAL NOTE
General note Originally published: 1914. With new introd.
650 #0 - SUBJECT ADDED ENTRY--TOPICAL TERM
Topical term or geographic name as entry element Architecture.
650 #0 - SUBJECT ADDED ENTRY--TOPICAL TERM
Topical term or geographic name as entry element Aesthetics.
942 ## - ADDED ENTRY ELEMENTS (KOHA)
Source of classification or shelving scheme
Koha item type Hard Covered Materials
Holdings
Withdrawn status Lost status Source of classification or shelving scheme Damaged status Not for loan Home library Current library Shelving location Date acquired Source of acquisition Total Checkouts Full call number Barcode Date last seen Price effective from Koha item type
          MACHAKOS UNIVERSITY LIBRARY MACHAKOS UNIVERSITY LIBRARY Technical section 03/02/2017 Donation(BFA)   NA2500 .S4 1999 33869 11/07/2018 03/02/2017 Hard Covered Materials
© Machakos University Library, Along The Highway, Machakos Wote Rd, Machakos, Kenya P.O. Box 136 - 90100 Machakos - Kenya

Tel: ( +254 ) 723 805829 OR Fax : 044-20353 OR Email: library@mksu.ac.ke